000 00887cab a2200241 4500
001 ABS43120
008 090401t1990 xxu||||| |||| 00| 0 eng d
035 _a(Sirsi) u40501
041 _aeng
100 _aHarrison, M.
245 4 _aThe new business rate - a guide to appeals procedure
260 _c1990
350 _a0
490 _aJPL
_v(1990) 479-485(7)
520 _aLooks at the revaluation of non-domestic rateable properties brought into effect on 1 April 1990 by the Local Government Finance Act 1988 based on valuation set at 1 April 1988. The phasing arrangments are explained and the procedures for appealing against rateable value which must be lodged before 30 September 1990 are outlined.
650 _aBUSINESS RATES
650 _aOFFICES
650 _aUBR
690 _aRATING AND VALUATION
700 _aLewis, M.
942 _n0
948 _c04/03/1997
999 _c25949
_d25949